000 01470nam a2200373 i 4500
003 DO-SdBNP
005 20260210100723.0
007 ta
008 260129b2025 dr ||||| |||| 00| 0 spa d
020 _a9789945296778
040 _aDO-SdBNP
_bspa
_cBNPHU
_erda
041 _aspa
082 4 _axxx
_bQ59s
_222
100 1 _aQuezada, Rosmery,
_eautor
_4aut.
_988918
245 1 3 _aSe aprende exponiendo :
_bdel sueño a la galería /
_cRosmery Quezada ; ilustraciones, Kutty Reyes ; colaborador, Thimo Pimentel... y otros seis.
264 _aSanto Domingo, República Dominicana :
_bImpresión Amigo del Hogar,
_c2025.
300 _a53 páginas :
_bilustraciones ;
_c24 cm.
336 _atexto
_btxt
_2rdacontent
337 _asin mediación
_bn
_2rdamedia
338 _avolumen
_bnc
_2rdacarrier
500 _aIncluye datos biográficos de la autora
500 _aLa biblioteca posee un ejemplar auto biografiados
590 _aInventariado, 2026 /LP
700 1 _aReyes, Kutty,
_eilustrador
_4il.
_981107
700 1 _aPimentel, Thimo
_ecolaborador
_4col.
_96477
700 1 _aCasasnovas, Guadalupe
_ecolaborador
_4col.
_934369
700 1 _aSanchez, Edgar
_ecolaborador
_4col.
_988984
700 1 _aCasasnovas, Augusto
_ecolaborador
_4col.
_988985
700 1 _aD'Orville, Aris
_ecolaborador
_4col.
_988986
700 1 _aTiburcio, Thairy
_ecolaborador
_4col.
_988987
700 1 _aJavier, Francis
_ecolaborador
_4col.
_988988
910 _aLP
942 _2ddc
_cLBS1
999 _c60159
_d60159